000 00411nam a22001697a 4500
005 20260413181826.0
008 260413b |||||||| |||| 00| 0 eng d
020 _a9789697834310
040 _cPK-LaNCA
082 _a303.6
_bTHA
100 _aThapar, Romalia
245 _aVoices of dissent: an essay
260 _aFolio Books
_bLahore
_c2023
300 _a143p
650 _aViolence - Essays
942 _cBK
999 _c67221
_d67221